000 00394nam a22001697a 4500
003 OSt
008 220609b ||||| |||| 00| 0 eng d
082 _a005.1 SIS
100 _aSINGH, Yogesh
245 _aSoftware Engineering
250 _a3nd
260 _aNew Delhi
_bNew Age International
_c2018
300 _a507
650 _aB.Tech(CSE)
700 _aAGGARWAL,K.K.
942 _2ddc
_cBK
999 _c11287
_d11287